[Event "DEM U12/U12w 2013"]
[Site "Oberhof GER"]
[Date "2013.05.22"]
[Round "6"]
[White "Riegel, Arinna"]
[Black "Wong, Kar Yan"]
[Result "1-0"]
[Termination "normal"]
[Board "39"]
[WhiteElo "1306"]
[BlackElo "1189"]
[PlyCount "101"]
[WhiteFideId "12931446"]
[BlackFideId "12971855"]
[EventCountry "GER"]
[EventRounds "11"]
[EventType "swiss"]
[EventDate "2013.05.18"]

1. e4 e6 2. d4 d5 3. exd5 exd5 4. Bd3 Bd6 5. Qf3 c6 6. Ne2 Qf6 7. Qxf6 Nxf6 8.
Bf4 Bxf4 9. Nxf4 O-O 10. O-O Re8 11. Nc3 Bg4 12. f3 Nh5 13. fxg4 Nxf4 14. Rxf4
Nd7 15. Rf2 Re7 16. Re2 Rae8 17. Rae1 Rxe2 18. Rxe2 Rd8 19. g5 c5 20. Bb5 cxd4
21. Bxd7 dxc3 22. bxc3 h6 23. Ba4 hxg5 24. Re8+ Rxe8 25. Bxe8 Kf8 26. Ba4 Ke7
27. Kf2 Ke6 28. Ke3 Ke5 29. g4 f5 30. gxf5 Kxf5 31. Kd4 Kf4 32. h3 g4 33. hxg4
Kxg4 34. Kxd5 Kf4 35. Kd6 a6 36. Bd7 g5 37. Kc7 b5 38. Kb6 Ke3 39. Kxa6 Kd2 40.
Kxb5 Kxc3 41. a4 Kxc2 42. a5 Kd3 43. a6 g4 44. Bxg4 Kd4 45. a7 Ke5 46. a8=Q Kf4
47. Qf3+ Kg5 48. Be6 Kh6 49. Qg4 Kh7 50. Bf7 Kh6 51. Qg6# 1-0

[Event "DEM U12/U12w 2013"]
[Site "Oberhof GER"]
[Date "2013.05.22"]
[Round "6"]
[White "Böse, Carolin"]
[Black "Bureik, Nicolas"]
[Result "1/2-1/2"]
[Termination "normal"]
[Board "40"]
[WhiteElo "1263"]
[BlackElo "1183"]
[PlyCount "51"]
[WhiteFideId "12929646"]
[BlackFideId "12971863"]
[EventCountry "GER"]
[EventRounds "11"]
[EventType "swiss"]
[EventDate "2013.05.18"]

1. e4 d5 2. Nf3 dxe4 3. Ng5 e3 4. dxe3 Qxd1+ 5. Kxd1 Bf5 6. Bc4 e6 7. e4 Bg6 8.
Nc3 h6 9. Nf3 Bh5 10. Be2 Nc6 11. Bf4 O-O-O+ 12. Nd2 Bxe2+ 13. Kxe2 Nd4+ 14.
Kd1 Nf6 15. f3 Bb4 16. a3 Bxc3 17. bxc3 Nb5 18. Be5 Rd7 19. Ke2 Rhd8 20. Rhd1
Ne8 21. c4 Nd4+ 22. Bxd4 Rxd4 23. c5 Nf6 24. Nb3 Rc4 25. Rd2 e5 26. a4 1/2-1/2

[Event "DEM U12/U12w 2013"]
[Site "Oberhof GER"]
[Date "2013.05.22"]
[Round "6"]
[White "Schumacher, Ole"]
[Black "Schulze, Nick"]
[Result "1-0"]
[Termination "normal"]
[Board "41"]
[WhiteElo "1120"]
[BlackElo "1257"]
[PlyCount "85"]
[WhiteFideId "12971898"]
[BlackFideId "12971847"]
[EventCountry "GER"]
[EventRounds "11"]
[EventType "swiss"]
[EventDate "2013.05.18"]

1. d4 Nf6 2. c4 e5 3. dxe5 Ng4 4. Nf3 Bc5 5. e3 Nc6 6. Nc3 Ngxe5 7. Nxe5 Nxe5
8. Be2 O-O 9. O-O d6 10. Qc2 Qh4 11. a3 Be6 12. b4 Bb6 13. Ne4 f5 14. Nd2 Rf6
15. Nf3 Nxf3+ 16. Bxf3 Rh6 17. h3 Rf8 18. Bb2 f4 19. Bd5 Bxd5 20. cxd5 fxe3 21.
fxe3 Bxe3+ 22. Kh1 Bf4 23. Bc1 Bxc1 24. Rxf8+ Kxf8 25. Rxc1 c6 26. dxc6 bxc6
27. Qxc6 Ke7 28. Qb7+ Ke6 29. Qxa7 Qg3 30. a4 Rg6 31. Rg1 h5 32. Qd4 Rg4 33.
Qd1 Kd7 34. Qd2 Rg6 35. b5 Kc8 36. a5 Kb7 37. Qd5+ Kb8 38. a6 Kc8 39. a7 Kd7
40. a8=Q Qc3 41. Qac6+ Qxc6 42. Qxc6+ Kd8 43. Re1 1-0

[Event "DEM U12/U12w 2013"]
[Site "Oberhof GER"]
[Date "2013.05.22"]
[Round "6"]
[White "Merker, Vivien"]
[Black "Voß, Henrike"]
[Result "0-1"]
[Termination "normal"]
[Board "42"]
[WhiteElo "1255"]
[BlackElo "1063"]
[PlyCount "86"]
[WhiteFideId "12927260"]
[BlackFideId "12971910"]
[EventCountry "GER"]
[EventRounds "11"]
[EventType "swiss"]
[EventDate "2013.05.18"]

1. e4 g6 2. d4 Bg7 3. Nf3 b6 4. Bc4 Bb7 5. Nc3 e6 6. d5 e5 7. Bg5 f6 8. Be3 d6
9. Bb5+ c6 10. dxc6 Nxc6 11. Qd5 Qd7 12. O-O-O O-O-O 13. Na4 Kc7 14. Nd2 Nb4
15. Qc4+ Nc6 16. Ba6 d5 17. exd5 Qxd5 18. Bxb7 Kxb7 19. Qxd5 Rxd5 20. Nc4 Nge7
21. Rxd5 Nxd5 22. Rd1 Rd8 23. Naxb6 axb6 24. Na3 Nxe3 25. fxe3 Rxd1+ 26. Kxd1
Nb4 27. c3 Nd3 28. Kc2 Ne1+ 29. Kb3 Nxg2 30. Nc4 Kc6 31. a4 f5 32. Kb4 f4 33.
exf4 exf4 34. Nd2 g5 35. Kc4 g4 36. Nf1 Ne3+ 37. Nxe3 fxe3 38. Kd3 Bh6 39. b4
Bf4 40. c4 Bxh2 41. Kc3 Bd6 42. b5+ Kc5 43. Kd3 h5 0-1

[Event "DEM U12/U12w 2013"]
[Site "Oberhof GER"]
[Date "2013.05.22"]
[Round "6"]
[White "Schmidt, Sarah"]
[Black "Recktenwald, Cedric"]
[Result "1/2-1/2"]
[Termination "normal"]
[Board "43"]
[WhiteElo "1194"]
[BlackElo "1042"]
[PlyCount "52"]
[WhiteFideId "12965480"]
[BlackFideId "12971928"]
[EventCountry "GER"]
[EventRounds "11"]
[EventType "swiss"]
[EventDate "2013.05.18"]

1. e4 e5 2. Nf3 Nc6 3. Bb5 a6 4. Bxc6 dxc6 5. Nc3 Bg4 6. h3 Bxf3 7. Qxf3 Nf6 8.
O-O Bc5 9. d3 Qe7 10. Bg5 h6 11. Bxf6 Qxf6 12. Qxf6 gxf6 13. Rad1 O-O-O 14. Ne2
Rhg8 15. c3 h5 16. d4 Bb6 17. Kh1 exd4 18. Nxd4 Bxd4 19. Rxd4 Rxd4 20. cxd4 Rd8
21. Rd1 c5 22. d5 c6 23. Rc1 b6 24. Rd1 Kc7 25. Kg1 cxd5 26. exd5 Kd6 1/2-1/2

[Event "DEM U12/U12w 2013"]
[Site "Oberhof GER"]
[Date "2013.05.22"]
[Round "6"]
[White "Bürmann, Theresia"]
[Black "Schubert, Lea Sophie"]
[Result "0-1"]
[Termination "normal"]
[Board "44"]
[WhiteElo "1187"]
[BlackElo "816"]
[PlyCount "138"]
[WhiteFideId "12960241"]
[EventCountry "GER"]
[EventRounds "11"]
[EventType "swiss"]
[EventDate "2013.05.18"]

1. e4 e5 2. Nf3 Nc6 3. Bc4 Bc5 4. c3 Nf6 5. d3 d5 6. exd5 Nxd5 7. O-O Be6 8.
Qe2 f6 9. d4 Bd6 10. Re1 Qe7 11. h3 O-O 12. Nh2 a6 13. Bb3 Qf7 14. Kh1 Rfe8 15.
Qd3 Nf4 16. Qc2 Bxb3 17. Qxb3 Qxb3 18. axb3 Nd3 19. Rf1 exd4 20. Kg1 dxc3 21.
Nxc3 Nd4 22. Be3 Nxb3 23. Ra2 b6 24. Rd1 Nbc5 25. Bxc5 Bxc5 26. Na4 Bb4 27. Nf3
Re2 28. Re1 Bxe1 29. Nxe1 Rxe1+ 30. Kh2 Re2 31. Kg3 Nc5 32. Nc3 Ne4+ 33. Nxe4
Rxe4 34. Ra1 Rd8 35. Rc1 c5 36. Rb1 Rd3+ 37. Kh2 Re2 38. Ra1 a5 39. Rg1 Rxf2
40. b3 Rxh3+ 41. Kxh3 Rb2 42. Rc1 Rxb3+ 43. Kh4 g5+ 44. Kg4 a4 45. Ra1 a3 46.
g3 b5 47. Kh3 b4 48. Kg2 Rb2+ 49. Kf3 b3 50. Rxa3 c4 51. Ke3 Ra2 52. Rxb3 cxb3
53. Kd3 b2 54. Kc2 h5 55. Kb1 Ra1+ 56. Kxb2 Rg1 57. Kc2 Rxg3 58. Kd2 h4 59. Ke2
Ra3 60. Kf2 g4 61. Kg2 h3+ 62. Kh2 Kg7 63. Kg1 Ra2 64. Kh1 f5 65. Kg1 f4 66.
Kh1 f3 67. Kg1 g3 68. Kf1 h2 69. Ke1 h1=R# 0-1

[Event "DEM U12/U12w 2013"]
[Site "Oberhof GER"]
[Date "2013.05.22"]
[Round "6"]
[White "Reitz, Theresa"]
[Black "Watzlawik, Lee David"]
[Result "1-0"]
[Termination "normal"]
[Board "45"]
[WhiteElo "1113"]
[BlackElo "1170"]
[PlyCount "72"]
[WhiteFideId "12971901"]
[BlackFideId "1270474"]
[EventCountry "GER"]
[EventRounds "11"]
[EventType "swiss"]
[EventDate "2013.05.18"]

1. e4 e6 2. d4 d5 3. e5 c5 4. c3 Nc6 5. Nf3 Qb6 6. a3 a5 7. Bd3 Bd7 8. Bc2 Be7
9. O-O O-O-O 10. b3 Re8 11. Be3 f6 12. Nbd2 cxd4 13. cxd4 Qc7 14. Bf4 Qb6 15.
Be3 h6 16. Re1 g5 17. Nf1 f5 18. g4 fxg4 19. N3d2 Rf8 20. Qxg4 Bd8 21. Ng3 Nge7
22. Rf1 Nf5 23. Nf3 Nxe3 24. fxe3 Ne7 25. Nd2 Bb5 26. Rf3 Qc6 27. Rc1 Bd3 28.
Rxf8 Rxf8 29. Qd1 Qe8 30. Bxd3+ Kb8 31. Qh5 Qxh5 32. Nxh5 Nf5 33. Bxf5 Rxf5 34.
Ng7 Rf8 35. Nxe6 Re8 36. Nxd8 Rxd8 1-0

[Event "DEM U12/U12w 2013"]
[Site "Oberhof GER"]
[Date "2013.05.22"]
[Round "6"]
[White "Christiansen, Sarah"]
[Black "Reif, Karla"]
[Result "0-1"]
[Termination "normal"]
[Board "46"]
[WhiteElo "1014"]
[BlackElo "1165"]
[PlyCount "98"]
[WhiteFideId "12971936"]
[BlackFideId "12971871"]
[EventCountry "GER"]
[EventRounds "11"]
[EventType "swiss"]
[EventDate "2013.05.18"]

1. e4 e5 2. Nf3 Nc6 3. Bc4 Bc5 4. c3 Nf6 5. d4 exd4 6. e5 d5 7. Bb5 Ne4 8. cxd4
Bb4+ 9. Bd2 Nxd2 10. Nbxd2 O-O 11. Bxc6 bxc6 12. Rc1 Bb7 13. O-O Qe7 14. Re1 c5
15. a3 Bxd2 16. Qxd2 cxd4 17. Qxd4 Rac8 18. Qxa7 c5 19. Qa5 d4 20. Qd2 Bxf3 21.
gxf3 Rfe8 22. f4 Qd7 23. Qd3 Qg4+ 24. Kh1 Qxf4 25. Rc2 Rxe5 26. Rxe5 Qxe5 27.
Re2 Qd5+ 28. Kg1 g6 29. Qb5 d3 30. Rd2 Qg5+ 31. Kf1 Qxd2 32. Kg2 Qg5+ 33. Kf1
d2 34. Qe2 Rd8 35. Qd1 Re8 36. b4 Re1+ 37. Qxe1 dxe1=Q+ 38. Kxe1 cxb4 39. axb4
Qe7+ 40. Kf1 Qxb4 41. Kg2 Kg7 42. Kg3 Kf6 43. f4 Kf5 44. Kg2 Qxf4 45. h4 Qe3
46. Kf1 Qd2 47. h5 Kf4 48. h6 Kg3 49. Kg1 Qg2# 0-1

[Event "DEM U12/U12w 2013"]
[Site "Oberhof GER"]
[Date "2013.05.22"]
[Round "6"]
[White "Duan, Muxi"]
[Black "Lohrmann, Tabea"]
[Result "0-1"]
[Termination "normal"]
[Board "47"]
[WhiteElo "929"]
[BlackElo "1553"]
[PlyCount "66"]
[WhiteFideId "12971960"]
[BlackFideId "12911941"]
[EventCountry "GER"]
[EventRounds "11"]
[EventType "swiss"]
[EventDate "2013.05.18"]

1. e4 e5 2. Nf3 Nc6 3. Nc3 Nf6 4. d4 exd4 5. Nxd4 d6 6. Nxc6 bxc6 7. Bc4 Be7 8.
O-O O-O 9. Qf3 Bg4 10. Qf4 Qd7 11. h3 Be6 12. e5 Bxc4 13. Qxc4 dxe5 14. Bg5 Qe6
15. Qxe6 fxe6 16. f4 exf4 17. Rxf4 Bd6 18. Rf3 Nd5 19. Nxd5 cxd5 20. Kf2 Rxf3+
21. Kxf3 e5 22. Ke3 Bc5+ 23. Ke2 e4 24. c3 Rf8 25. Bh4 Bb6 26. b4 c5 27. Be7
Rc8 28. Rd1 cxb4 29. Rxd5 bxc3 30. Rd1 c2 31. Rc1 Ba5 32. Bg5 Bb4 33. Bd2 Ba3
0-1

[Event "DEM U12/U12w 2013"]
[Site "Oberhof GER"]
[Date "2013.05.22"]
[Round "6"]
[White "Weiten, Teresa"]
[Black "Hofmann, Jana"]
[Result "1-0"]
[Termination "normal"]
[Board "48"]
[WhiteElo "995"]
[BlackElo "970"]
[PlyCount "83"]
[WhiteFideId "12971944"]
[BlackFideId "12971952"]
[EventCountry "GER"]
[EventRounds "11"]
[EventType "swiss"]
[EventDate "2013.05.18"]

1. e4 e5 2. Nf3 Nc6 3. Nc3 Nf6 4. d4 exd4 5. Nxd4 Bb4 6. Nxc6 bxc6 7. Bd3 d5 8.
exd5 cxd5 9. O-O c6 10. Bg5 O-O 11. Qf3 Be7 12. Qg3 Ng4 13. Qh4 f6 14. Qxh7+
Kf7 15. Bg6+ Ke6 16. Rfe1+ Kd7 17. Bf5+ Kc7 18. Bf4+ Bd6 19. Qxg7+ Bd7 20. Qxg4
Rb8 21. Bxd6+ Kxd6 22. Qf4+ Kc5 23. Na4+ Kb5 24. Bd3+ Ka5 25. Nc5 Rb4 26. Qd2
Rg8 27. a3 Kb6 28. Qxb4+ Kc7 29. Qb7+ Kd6 30. b4 Bh3 31. g3 Bc8 32. Qf7 Bd7 33.
Nb7+ Kc7 34. Nxd8 Rxd8 35. c4 d4 36. Bf5 Kc8 37. Bxd7+ Rxd7 38. Re7 Rxe7 39.
Qxe7 d3 40. Rd1 a6 41. Rxd3 Kb8 42. Rd8# 1-0

[Event "DEM U12/U12w 2013"]
[Site "Oberhof GER"]
[Date "2013.05.22"]
[Round "7"]
[White "Martin, Julian"]
[Black "Reuker, Jari"]
[Result "1-0"]
[Termination "normal"]
[Board "1"]
[WhiteElo "1847"]
[BlackElo "1802"]
[PlyCount "77"]
[WhiteFideId "12941000"]
[BlackFideId "12909300"]
[EventCountry "GER"]
[EventRounds "11"]
[EventType "swiss"]
[EventDate "2013.05.18"]

1. e4 d6 2. d4 Nf6 3. Nc3 e5 4. Nf3 exd4 5. Nxd4 Be7 6. Bc4 O-O 7. f3 Re8 8.
O-O Nbd7 9. f4 Bf8 10. Re1 c6 11. Nf3 Nb6 12. Bb3 Bg4 13. h3 Bxf3 14. Qxf3 d5
15. e5 Bc5+ 16. Kh2 Nfd7 17. Bd2 Nf8 18. f5 Nbd7 19. Bf4 Bd4 20. Qg3 f6 21. e6
Ne5 22. Rad1 Qb6 23. Re2 Bxc3 24. Qxc3 Qb5 25. Rde1 Nc4 26. Qg3 Kh8 27. a4 Qa6
28. Bxc4 Qxc4 29. b3 Qa6 30. Bc7 c5 31. e7 Nd7 32. Re6 b6 33. Rd6 Qc8 34. Rxd5
Kg8 35. Kh1 a6 36. Qe3 Kh8 37. Qe6 Ne5 38. Rd8 Qxe6 39. fxe6 1-0

[Event "DEM U12/U12w 2013"]
[Site "Oberhof GER"]
[Date "2013.05.22"]
[Round "7"]
[White "Fieberg, Samuel"]
[Black "Stein, Robert"]
[Result "1/2-1/2"]
[Termination "normal"]
[Board "2"]
[WhiteElo "1900"]
[BlackElo "1728"]
[PlyCount "67"]
[WhiteFideId "12901717"]
[BlackFideId "12921084"]
[EventCountry "GER"]
[EventRounds "11"]
[EventType "swiss"]
[EventDate "2013.05.18"]

1. e4 e5 2. Nf3 Nc6 3. Bc4 Bc5 4. c3 Nf6 5. d3 d6 6. Bb3 a6 7. O-O Ba7 8. h3
O-O 9. Re1 Ne7 10. Nbd2 Ng6 11. Nf1 Nh5 12. d4 exd4 13. cxd4 Nhf4 14. Ng3 d5
15. e5 Be6 16. Be3 Bc8 17. Qd2 Ne6 18. Nh5 c6 19. Rac1 Nh4 20. Bd1 Nf5 21. b4
Qe8 22. Bc2 Nxe3 23. fxe3 f5 24. Nf4 Nxf4 25. exf4 Be6 26. Bd3 Qe7 27. a4 h6
28. Kh2 Kh8 29. Be2 Rg8 30. h4 Rgc8 31. g3 Bb6 32. Rb1 Rc7 33. Rec1 Rac8 34. a5
1/2-1/2

[Event "DEM U12/U12w 2013"]
[Site "Oberhof GER"]
[Date "2013.05.22"]
[Round "7"]
[White "Poghosyan, Tigran"]
[Black "Rockmann, Jan-Okke"]
[Result "1/2-1/2"]
[Termination "normal"]
[Board "3"]
[WhiteElo "1945"]
[BlackElo "1785"]
[PlyCount "71"]
[WhiteFideId "12909319"]
[BlackFideId "12942111"]
[EventCountry "GER"]
[EventRounds "11"]
[EventType "swiss"]
[EventDate "2013.05.18"]

1. e4 d5 2. exd5 Qxd5 3. Nc3 Qd6 4. d4 Nf6 5. Nf3 c6 6. h3 Bf5 7. Bc4 e6 8. O-O
Nbd7 9. Re1 Be7 10. Bg5 Nb6 11. Bb3 O-O 12. Qe2 a5 13. a4 Nbd5 14. Nxd5 Nxd5
15. Bxe7 Nxe7 16. Rad1 Ng6 17. Ne5 Nf4 18. Qf3 Nd5 19. c3 h6 20. Rd2 Ne7 21.
Rde2 Rab8 22. g4 Bg6 23. Qg2 Kh8 24. Bxe6 Qxe6 25. Nxg6+ Qxg6 26. Rxe7 Qc2 27.
d5 cxd5 28. Qxd5 Qxb2 29. Rxf7 Qxc3 30. Ree7 Rbd8 31. Rd7 Qc1+ 32. Kh2 Qc8 33.
Rxd8 Qxd8 34. Rxf8+ Qxf8 35. Kg2 b6 36. f3 1/2-1/2

[Event "DEM U12/U12w 2013"]
[Site "Oberhof GER"]
[Date "2013.05.22"]
[Round "7"]
[White "Schmidek, Emil"]
[Black "Muckle, Julius"]
[Result "1/2-1/2"]
[Termination "normal"]
[Board "4"]
[WhiteElo "1957"]
[BlackElo "1804"]
[PlyCount "46"]
[WhiteFideId "12908150"]
[BlackFideId "12942430"]
[EventCountry "GER"]
[EventRounds "11"]
[EventType "swiss"]
[EventDate "2013.05.18"]

1. e4 e6 2. d4 d5 3. Nc3 Bb4 4. e5 Ne7 5. a3 Bxc3+ 6. bxc3 c5 7. Qg4 O-O 8. Bd3
f5 9. exf6 Rxf6 10. Bg5 Rf7 11. Qh5 g6 12. Qd1 e5 13. dxe5 Nbc6 14. Nf3 Bg4 15.
Be2 Bxf3 16. Bxf3 Rf5 17. h4 Nxe5 18. Be2 Nf7 19. Be3 Qa5 20. Qd2 Rd8 21. O-O
Nc6 22. Bg4 Re5 23. Bf4 Re4 1/2-1/2

[Event "DEM U12/U12w 2013"]
[Site "Oberhof GER"]
[Date "2013.05.22"]
[Round "7"]
[White "Schneider, Jana"]
[Black "Mätzkow, Maximilian Paul"]
[Result "1/2-1/2"]
[Termination "normal"]
[Board "5"]
[WhiteElo "1644"]
[BlackElo "1730"]
[PlyCount "97"]
[WhiteFideId "12924997"]
[BlackFideId "24679933"]
[EventCountry "GER"]
[EventRounds "11"]
[EventType "swiss"]
[EventDate "2013.05.18"]

1. e4 c5 2. d3 Nc6 3. f4 g6 4. Nf3 Bg7 5. Be2 e6 6. O-O Nge7 7. c3 O-O 8. Be3
b6 9. d4 cxd4 10. cxd4 d5 11. e5 Bb7 12. Nc3 a6 13. Qe1 Rc8 14. g4 Na5 15. b3
Qd7 16. Na4 Qd8 17. Qb4 b5 18. Nc5 Re8 19. Ne1 Nec6 20. Qd2 Qe7 21. Ned3 Ra8
22. Rac1 Bc8 23. Rc2 Nb7 24. Rfc1 Nxc5 25. Rxc5 Bb7 26. Rxc6 Bxc6 27. Rxc6 Rec8
28. Qc2 Qd7 29. Rxc8+ Rxc8 30. Nc5 Qa7 31. b4 Bf8 32. f5 exf5 33. gxf5 Qb6 34.
Bg4 Rc6 35. Qg2 Qd8 36. Bf3 Qh4 37. Bf2 Qf4 38. Bxd5 Rc7 39. fxg6 Qc1+ 40. Qf1
Qg5+ 41. Kh1 hxg6 42. Qg2 Qh6 43. Be4 Qc1+ 44. Qg1 Qd2 45. d5 Qxb4 46. e6 Bxc5
47. exf7+ Rxf7 48. Qxg6+ Rg7 49. Qe8+ 1/2-1/2

[Event "DEM U12/U12w 2013"]
[Site "Oberhof GER"]
[Date "2013.05.22"]
[Round "7"]
[White "Engel, Luis"]
[Black "Wierzbicki, Jirawat"]
[Result "1/2-1/2"]
[Termination "normal"]
[Board "6"]
[WhiteElo "1740"]
[BlackElo "1704"]
[PlyCount "59"]
[WhiteFideId "12961523"]
[BlackFideId "1153579"]
[EventCountry "GER"]
[EventRounds "11"]
[EventType "swiss"]
[EventDate "2013.05.18"]

1. e4 e5 2. Nf3 Nc6 3. Nc3 Nf6 4. d4 exd4 5. Nd5 h6 6. Nxd4 Nxd4 7. Qxd4 Be7 8.
Bc4 d6 9. O-O O-O 10. Nxe7+ Qxe7 11. f3 Be6 12. Bd2 Bxc4 13. Qxc4 Rad8 14. Rfe1
Rfe8 15. Rad1 c6 16. Bc3 a6 17. a4 Nh7 18. a5 Qe6 19. Qd4 f6 20. Qb6 Rd7 21.
Rd3 Qf7 22. Rde3 Ng5 23. Qd4 Ne6 24. Qd2 Nc7 25. b3 d5 26. exd5 Rxe3 27. Qxe3
Nxd5 28. Qc5 Nxc3 29. Qxc3 Rd5 30. b4 1/2-1/2

[Event "DEM U12/U12w 2013"]
[Site "Oberhof GER"]
[Date "2013.05.22"]
[Round "7"]
[White "Buckels, Valentin"]
[Black "Reimers, Kim"]
[Result "1/2-1/2"]
[Termination "normal"]
[Board "7"]
[WhiteElo "1994"]
[BlackElo "1603"]
[PlyCount "80"]
[WhiteFideId "12942766"]
[BlackFideId "12930377"]
[EventCountry "GER"]
[EventRounds "11"]
[EventType "swiss"]
[EventDate "2013.05.18"]

1. d4 d5 2. c4 e6 3. Nf3 Nf6 4. g3 Nbd7 5. Bg2 dxc4 6. Qa4 c5 7. O-O Qc7 8.
Qxc4 Bd6 9. Na3 a6 10. Qc2 O-O 11. Bd2 b5 12. Ne5 Bb7 13. Nxd7 Nxd7 14. Ba5
Qxa5 15. Bxb7 Rad8 16. d5 Qb6 17. dxe6 Qxb7 18. exd7 Rxd7 19. Rad1 c4 20. Nb1
Rfd8 21. b3 cxb3 22. Qxb3 Be5 23. Rc1 h6 24. Rc5 Bd6 25. Rc3 Be5 26. Rf3 Bf6
27. Rc1 Rc8 28. Rxc8+ Qxc8 29. Nc3 Bxc3 30. Rxc3 Qe8 31. Qc2 Rd8 32. Rc7 Ra8
33. e3 b4 34. Rb7 a5 35. Qc7 Rc8 36. Qb6 Rc1+ 37. Kg2 Qe4+ 38. Kh3 Qf5+ 39. Kg2
Qe4+ 40. Kh3 Qf5+ 1/2-1/2

[Event "DEM U12/U12w 2013"]
[Site "Oberhof GER"]
[Date "2013.05.22"]
[Round "7"]
[White "Petersen, Marcel"]
[Black "Gungl, Theo"]
[Result "0-1"]
[Termination "normal"]
[Board "8"]
[WhiteElo "1582"]
[BlackElo "1916"]
[PlyCount "54"]
[WhiteFideId "12935670"]
[BlackFideId "24695653"]
[EventCountry "GER"]
[EventRounds "11"]
[EventType "swiss"]
[EventDate "2013.05.18"]

1. c4 e5 2. Nc3 Nf6 3. e3 Nc6 4. d4 exd4 5. exd4 d5 6. Be3 Be6 7. c5 Bxc5 8.
dxc5 d4 9. Bb5 dxc3 10. Bxc6+ bxc6 11. bxc3 Qxd1+ 12. Rxd1 Nd5 13. Bd4 f6 14.
Ne2 O-O 15. O-O Rfe8 16. Rfe1 Rab8 17. h3 Bf7 18. Kf1 Bg6 19. a3 Bc2 20. Rd2
Bb3 21. Rb2 Bc4 22. Rxb8 Rxb8 23. Kg1 Re8 24. Kf1 Nf4 25. Be3 Nxe2 26. Rxe2 Rb8
27. f3 Rb2 0-1

[Event "DEM U12/U12w 2013"]
[Site "Oberhof GER"]
[Date "2013.05.22"]
[Round "7"]
[White "Renger, Niklas"]
[Black "Hoffmann, Fabian"]
[Result "1-0"]
[Termination "normal"]
[Board "9"]
[WhiteElo "1815"]
[BlackElo "1650"]
[PlyCount "67"]
[WhiteFideId "12908096"]
[BlackFideId "12964891"]
[EventCountry "GER"]
[EventRounds "11"]
[EventType "swiss"]
[EventDate "2013.05.18"]

1. e4 e5 2. Nf3 Nc6 3. d4 exd4 4. Bc4 Nf6 5. O-O Bc5 6. e5 d5 7. exf6 dxc4 8.
Re1+ Be6 9. Ng5 Qd5 10. Nc3 Qf5 11. Nce4 O-O-O 12. g4 Qe5 13. Nxe6 fxe6 14.
fxg7 Rhg8 15. Bh6 Bd6 16. f4 Qb5 17. Nf6 Bc5 18. Kh1 Nb4 19. Qe2 Qc6+ 20. Qe4
Qxe4+ 21. Rxe4 Nxc2 22. Nxg8 Rxg8 23. f5 Kd7 24. f6 Ke8 25. Rf1 Kf7 26. Rxe6
Ne3 27. Bxe3 dxe3 28. Re5 b6 29. h4 a5 30. g5 e2 31. Rxe2 Rd8 32. h5 Rg8 33.
g6+ hxg6 34. h6 1-0

[Event "DEM U12/U12w 2013"]
[Site "Oberhof GER"]
[Date "2013.05.22"]
[Round "7"]
[White "Mönster, Madita"]
[Black "Savchenko, Daniel"]
[Result "1/2-1/2"]
[Termination "normal"]
[Board "10"]
[WhiteElo "1503"]
[BlackElo "1763"]
[PlyCount "63"]
[WhiteFideId "12947156"]
[BlackFideId "12919195"]
[EventCountry "GER"]
[EventRounds "11"]
[EventType "swiss"]
[EventDate "2013.05.18"]

1. e4 e5 2. Nf3 Nf6 3. d4 Nxe4 4. Bd3 d5 5. dxe5 Nc6 6. O-O Bg4 7. Nc3 Nxc3 8.
bxc3 Be7 9. Re1 O-O 10. h3 Bxf3 11. Qxf3 g6 12. Bh6 Re8 13. Qg4 Qc8 14. e6 Nd8
15. exf7+ Nxf7 16. Qf4 Nxh6 17. Qxh6 Bf8 18. Qh4 c6 19. c4 Bg7 20. Rab1 Qc7 21.
cxd5 cxd5 22. Qg5 Rxe1+ 23. Rxe1 Qa5 24. Re7 Rf8 25. Qe3 Qxa2 26. Rxb7 Qa1+ 27.
Kh2 Be5+ 28. g3 Qd4 29. Qxd4 Bxd4 30. f4 Bb6 31. Rd7 d4 32. Rb7 1/2-1/2

[Event "DEM U12/U12w 2013"]
[Site "Oberhof GER"]
[Date "2013.05.22"]
[Round "7"]
[White "Sanati, Charlotte"]
[Black "Köhler, Inken"]
[Result "1-0"]
[Termination "normal"]
[Board "11"]
[WhiteElo "1672"]
[BlackElo "1527"]
[PlyCount "37"]
[WhiteFideId "12907707"]
[BlackFideId "12929301"]
[EventCountry "GER"]
[EventRounds "11"]
[EventType "swiss"]
[EventDate "2013.05.18"]

1. e4 d6 2. d4 Nf6 3. Nc3 c6 4. Nf3 Qa5 5. Bd2 e5 6. dxe5 dxe5 7. Nd5 Qd8 8.
Nxf6+ Qxf6 9. Bc4 Bg4 10. Qe2 Bxf3 11. gxf3 Bc5 12. Rg1 Qh4 13. Rxg7 Qxh2 14.
O-O-O Qxf2 15. Bg5 Nd7 16. Qd3 Qd4 17. Qb3 Qf2 18. Qxb7 Nb6 19. Qxf7# 1-0

[Event "DEM U12/U12w 2013"]
[Site "Oberhof GER"]
[Date "2013.05.22"]
[Round "7"]
[White "Wong, Gengchun"]
[Black "Degenhard, Simon"]
[Result "1/2-1/2"]
[Termination "normal"]
[Board "12"]
[WhiteElo "1654"]
[BlackElo "1711"]
[PlyCount "159"]
[WhiteFideId "12963283"]
[BlackFideId "12944017"]
[EventCountry "GER"]
[EventRounds "11"]
[EventType "swiss"]
[EventDate "2013.05.18"]

1. e4 c5 2. Nf3 a6 3. c4 b6 4. d4 cxd4 5. Nxd4 Bb7 6. Nc3 e6 7. Be3 d6 8. Qd2
Nf6 9. f3 Be7 10. Be2 Qc7 11. O-O Nbd7 12. Rfc1 Rc8 13. a4 Qb8 14. a5 Bd8 15.
Nb3 Nc5 16. Nxc5 bxc5 17. Rd1 Bc7 18. Bf4 Rd8 19. Qe1 Nh5 20. Bg5 f6 21. Qh4
fxg5 22. Qxh5+ g6 23. Qg4 Bc8 24. Na4 Bxa5 25. Qxg5 O-O 26. Kh1 Bc7 27. Qh4 Bd7
28. Rd2 Ba5 29. Rc2 Bxa4 30. Rxa4 Qb3 31. Rxa5 Qxc2 32. Bf1 Qxb2 33. Rxa6 Qc1
34. Kg1 Qf4 35. Qe7 Qf6 36. Qc7 Rf7 37. Qb6 Qd4+ 38. Kh1 Rfd7 39. h3 Qg7 40.
Kh2 Qe7 41. Ra5 Rb7 42. Qa6 Qc7 43. Ra1 d5+ 44. Kh1 Rd6 45. Qa2 dxe4 46. fxe4
Rd4 47. Qc2 Qb6 48. Qf2 Rf7 49. Qh4 Qd8 50. Qg4 Qf6 51. Rb1 h5 52. Qg3 Kg7 53.
Qa3 Qh4 54. Qxc5 Rxe4 55. Qc6 Ref4 56. Be2 Rf2 57. Bd3 Qd4 58. Rd1 e5 59. Qxg6+
Kf8 60. Qh6+ Ke7 61. Qg5+ Kf8 62. Rb1 Qd6 63. c5 Qf6 64. Rb8+ Ke7 65. Rb7+ Kf8
66. Rxf7+ Kxf7 67. Bc4+ Ke7 68. Qe3 Qf4 69. Qd3 Qc1+ 70. Kh2 Qf4+ 71. Kg1 Qf5
72. Qd6+ Ke8 73. Qb8+ Ke7 74. Qd6+ Ke8 75. c6 Rc2 76. Qb8+ Ke7 77. Qb4+ Ke8 78.
Qb8+ Ke7 79. Qa7+ Ke8 80. Qb8+ 1/2-1/2

[Event "DEM U12/U12w 2013"]
[Site "Oberhof GER"]
[Date "2013.05.22"]
[Round "7"]
[White "Zienert, Richard"]
[Black "Birg, Raphael"]
[Result "0-1"]
[Termination "normal"]
[Board "13"]
[WhiteElo "1846"]
[BlackElo "1542"]
[PlyCount "116"]
[WhiteFideId "12945986"]
[BlackFideId "12971774"]
[EventCountry "GER"]
[EventRounds "11"]
[EventType "swiss"]
[EventDate "2013.05.18"]

1. e4 e5 2. Nf3 Nc6 3. Bb5 a6 4. Ba4 b5 5. Bb3 Bc5 6. O-O Nf6 7. Nxe5 Nxe5 8.
d4 Bxd4 9. Qxd4 d6 10. a4 c5 11. Qe3 Bb7 12. f3 O-O 13. Nc3 c4 14. Ba2 b4 15.
Ne2 Qc7 16. Nd4 d5 17. Qg5 Ng6 18. exd5 Bxd5 19. Nf5 Rae8 20. h4 h5 21. Be3 c3
22. Bxd5 Nxd5 23. bxc3 Nxe3 24. Nxe3 Qxc3 25. Nd5 Qc5+ 26. Kh1 Re5 27. Nf6+
gxf6 28. Qxf6 Re6 29. Qb2 Nxh4 30. f4 Qd5 31. Rg1 Rg6 32. Rad1 Qe4 33. Rd4 Qf5
34. Qb3 Kh7 35. Rd5 Qg4 36. Qd3 Kh6 37. f5 Rg5 38. Rd4 Qxf5 39. Rxh4 Qxd3 40.
cxd3 Rg4 41. Rxg4 hxg4 42. a5 Kg5 43. Rb1 Rb8 44. g3 Rb5 45. Kg2 Kf5 46. Kf2
Ke5 47. Ke3 f5 48. Rb3 Kd5 49. Rb2 b3 50. Rb1 Kc5 51. d4+ Kb4 52. Kd3 Rxa5 53.
Ke3 Rb5 54. Kd3 a5 55. Kd2 a4 56. Kc1 a3 57. Kd2 a2 58. Ra1 Ka3 0-1